Les 100 plus grands transferts de l'histoire du football - Statistiques

Statistiques générales
  • Ce quiz a été pris 197 fois
  • Le résultat moyen est 75 sur 100
Statistiques - réponses
Montant de transfert (M €) Saison Nationalité Venant de Allant à Joueur % Correct
180,00 2018-2019 France AS Monaco Paris SG Kylian Mbappé
100%
117,00 2018-2019 Portugal Real Madrid Juventus Turin Cristiano Ronaldo
99%
94,00 2009-2010 Portugal Manchester United Real Madrid Cristiano Ronaldo
99%
222,00 2017-2018 Brésil Barcelone Paris SG Neymar
99%
90,00 2023-2024 Brésil Paris SG Al-Hilal Neymar
99%
88,00 2013-2014 Brésil Santos Barcelone Neymar
99%
120,00 2019-2020 France Atlético Madrid Barcelone Antoine Griezmann
95%
135,00 2017-2018 France Borussia Dortmund Barcelone Ousmane Dembélé
95%
120,80 2019-2020 Belgique Chelsea Real Madrid Eden Hazard
94%
101,00 2013-2014 Pays de Galles Tottenham Real Madrid Gareth Bale
92%
113,00 2021-2022 Belgique Inter Chelsea Romelu Lukaku
92%
84,70 2017-2018 Belgique FC Everton Manchester United Romelu Lukaku
92%
74,00 2019-2020 Belgique Manchester United Inter Romelu Lukaku
92%
105,00 2016-2017 France Juventus Turin Manchester United Paul Pogba
91%
135,00 2017-2018 Brésil Liverpool Barcelone Philippe Coutinho
91%
95,00 20232024 Angleterre Tottenham Bayern Munich Harry Kane
89%
117,50 2021-2022 Angleterre Aston Villa Manchester City Jack Grealish
89%
127,20 2019-2020 Portugal Benfica Atlético Madrid João Félix
89%
103,00 2023-2024 Angleterre Borussia Dortmund Real Madrid Jude Bellingham
89%
95,00 2023-2024 France Eintracht Frankfurt Paris SG Randal Kolo Muani
89%
121,00 2022-2023 Argentine Benfica Chelsea Enzo Fernández
88%
81,72 2014-2015 Uruguay Liverpool Barcelone Luis Suárez
88%
84,65 2017-2018 Pays-Bas Southampton Liverpool Virgil van Dijk
85%
95,00 2022-2023 Brésil Ajax Manchester United Antony
84%
85,00 2022--2023 Uruguay Benfica Liverpool Darwin Núñez
84%
116,60 2023-2024 Angleterre West Ham United Arsenal Declan Rice
84%
86,00 2019-2020 Pays-Bas Ajax Barcelone Frenkie de Jong
84%
85,00 2021-2022 Angleterre Borussia Dortmund Manchester United Jadon Sancho
84%
76,00 2015-2016 Belgique VfL Wolfsburg Manchester City Kevin De Bruyne
84%
85,50 2019-2020 Pays-Bas Ajax Juventus Turin Matthijs de Ligt
84%
67,00 2022-2023 Pays-Bas Juventus Turin Bayern Munich Matthijs de Ligt
84%
77,50 2001-2002 France Juventus Turin Real Madrid Zinédine Zidane
84%
75,00 2014-2015 Argentine Real Madrid Manchester United Ángel Di María
82%
63,00 2015-2016 Argentine Manchester United Paris SG Ángel Di María
82%
80,00 2022-2023 France AS Monaco Real Madrid Aurélien Tchouaméni
82%
60,00 2022-2023 Norvège Borussia Dortmund Manchester City Erling Haaland
81%
90,00 2023-2024 Croatie RB Leipzig Manchester City Josko Gvardiol
81%
88,00 2020-2021 Allemagne Bayer Leverkusen Chelsea Kai Havertz
81%
75,00 2023-2024 Allemagne Chelsea Arsenal Kai Havertz
81%
67,80 2018-2019 Algerie Leicester City Manchester City Riyad Mahrez
81%
70,00 2019-2020 Spain Atlético Madrid Manchester City Rodri
80%
69,50 2009-2010 Suède Inter Barcelone Zlatan Ibrahimović
80%
83,50 2021-2022 Serbie Fiorentina Juventus Dušan Vlahović
79%
75,00 2014-2015 Colombie AS Monaco Real Madrid James Rodríguez
79%
80,00 2019-2020 France Atlético Madrid Bayern Munich Lucas Hernández
79%
116,00 2023-2024 Équateur Brighton Chelsea Moisés Caicedo
79%
80,00 2019-2020 Côte d'Ivoire LOSC Lille Arsenal Nicolas Pépé
79%
77,50 2020-2021 Nigéria LOSC Lille Napoli Victor Osimhen
79%
68,00 2021-2022 Moroc Inter Paris SG Achraf Hakimi
78%
64,50 2013-2024 Uruguay Napoli Paris SG Edinson Cavani
78%
87,00 2019-2020 Angleterre Leicester cITY Manchester United Harry Maguire
78%
63,75 2017-2018 France / Gabon Borussia Dortmund Arsenal Pierre-Emerick Aubameyang
77%
72,00 2018-2019 France AS Monaco Atlético Madrid Thomas Lemar
76%
60,00 2023-2024 Belgique Stade Rennais Manchester City Jérémy Doku
75%
65,00 2017-2018 France / Espagne Athletic Manchester City Aymeric Laporte
74%
90,00 2016-2017 Argentine Napoli Juventus Turin Gonzalo Higuaín
73%
70,65 2022-2023 Brésil Real Madrid Manchester United Casemiro
72%
70,00 2022-2023 Ukraine Shakhtar D. Chelsea Mykhaylo Mudryk
72%
71,60 2020-2021 Portugal Benfica Manchester City Rúben Dias
72%
80,40 2022-2023 France Leicester City Chelsea Wesley Fofana
72%
64,00 2018-2019 États-Unis Borussia Dortmund Chelsea Christian Pulisic
71%
65,00 2023-2024 Portugal Benfica Paris SG Gonçalo Ramos
71%
65,00 2019-2020 Portugal Juventus Turin Manchester City João Cancelo
71%
67,00 2009-2010 Brésil AC Milan Real Madrid Kaká
71%
60,00 2023-2024 Uruguay Sporting CP Paris SG Manuel Ugarte
71%
63,70 2015-2016 Angleterre Liverpool Manchester City Raheem Sterling
71%
56,20 2023-2024 Angleterre Manchester City Chelsea Raheem Sterling
71%
70,00 2022-2023 Sweden Real Sociedad Newcastle United Alexander Isak
70%
57,50 2017-2018 France AS Monaco Manchester City Benjamin Mendy
70%
60,00 2000-2001 Portugal Barcelone Real Madrid Luís Figo
70%
60,00 2015-2016 France AS Monaco Manchester United Anthony Martial
68%
80,60 2020-2021 Brésil Barcelone Juventus tURIN Arthur Melo
68%
62,50 2018-2019 Brésil AS Roma Liverpool Alisson
66%
65,00 2019-2020 Portugal Sporting CP Manchester United Bruno Fernandes
66%
60,00 2020-2021 Bosnie-Herzégovine Juventus Turin Barcelone Miralem Pjanic
66%
64,00 2023-2024 Italie AC Milan Newcastle Sandro Tonali
66%
60,00 2023-2024 France RB Leipzig Chelsea Christopher Nkunku
65%
60,00 2016-2017 Brésil Chelsea Shanghai SIPG Oscar
65%
58,50 2010-2011 Espagne Liverpool Chelsea Fernando Torres
64%
63,00 2019-2020 Serbie Eintracht Francfort Real Madrid Luka Jović
64%
73,90 2023-2024 Danemark Atalanta BC Manchester United Rasmus Højlund
64%
62,00 2019-2020 France Olympique Lyonnais Tottenham Tanguy Ndombélé
64%
70,00 2023-2024 Hongrie RB Leipzig Liverpool Dominik Szoboszlai
62%
80,00 2018-2019 Espagne Athletic Chelsea Kepa Arrizabalaga
62%
58,00 2022-2023 Brésil Leeds United Barcelone Raphinha
61%
57,37 2022-2023 Argentine Ajax Manchester United Lisandro Martínez
60%
64,20 2023-2024 Angleterre Chelsea Manchester United Mason Mount
59%
60,00 2018-2019 Guinée RB Leipzig Liverpool Naby Keïta
58%
66,00 2017-2018 Espagne Real Madrid Chelsea Álvaro Morata
56%
60,00 2017-2018 Brésil / Espagne Chelsea Atlético Madrid Diego Costa
56%
65,30 2022-2023 Espagne Brighton Chelsea Marc Cucurella
56%
58,00 2022-2023 Brésil FC Everton Tottenham Richarlison
56%
57,00 2018-2019 Brésil / Italie Napoli Chelsea Jorginho
54%
60,00 2023-2024 Brésil Zenti S-Pb Al-Hilal Malcom
53%
62,00 2023-2024 Brésil / Portugal Wolverhampton Manchester City Matheus Nunes
52%
58,50 2021-2022 Angleterre Brighton Arsenal Ben White
47%
59,00 2018-2019 Brésil Shakhtar D. Manchester United Fred
44%
62,10 2023-2024 Belgique Southampton Chelsea Roméo Lavia
42%
60,00 2023-2024 Brésil / Portugal FC Porto Al-Nassr Otávio
38%
56,81 2000-2001 Argentine AC Parma Lazio Rome Hernán Crespo
33%
Aucun quiz correspondant
Distribution des résultats
% des personnes avec chaque résultat
Percentile par nombre de réponses
Votre historique - résultats
Vous n’avez pas pris ce quiz